000 01055cam a22002653a 4500
001 1853
003 PGUSA
005 20140828083007.0
008 990801s1999||||xxu|||||s|||||000 1 eng d
040 _aPGUSA
_beng
042 _adc
050 4 _aPS
100 1 _aBeck, L. Adams
_q(Lily Adams),
_d-1931
245 1 4 _aThe ninth vibration and other stories
_h[electronic resource] /
_cL. Adams Beck
260 _bProject Gutenberg,
_c1999
505 0 _aThe ninth vibration -- The interpreter: a romance of the east -- The incomparable lady: a story of China with a moral -- The hatred of the queen: a story of Burma -- Fire of beauty -- The building of the Taj Mahal -- "How great is the glory of Kwannon!": a Japanese story -- The round-faced beauty: a story of the Chinese court.
506 _aPublic domain in the USA.
516 _aElectronic text
653 _aShort stories
653 _aParanormal fiction
653 _aFantasy fiction
830 0 _aProject Gutenberg
_v1853
856 4 0 _uhttp://www.gutenberg.org/ebooks/1853
942 _cEB
999 _c231196
_d231196